Apostolinen Uskontunnustus - Statistics

Yleistilastot
  • Tätä visaa on pelattu 88 kertaa
  • Keskiarvotulos 63 / 72
Vastaustilastot
Vastaus % Oikein
Isään
100%
ja
98%
Ja
98%
ja
98%
ja
98%
ja
98%
ja
98%
Ja
98%
ja
98%
Jumalaan,
98%
Kaikkivaltiaaseen,
98%
Minä
98%
uskon
98%
Jumalan
97%
Jumalan,
97%
maan
95%
poikaan
95%
Pyhään
95%
ainoaan
94%
haudattiin.
94%
Joka
94%
Kristukseen,
94%
kuoli
94%
ristiinnaulittiin,
94%
Taivaan
94%
Jeesukseen
92%
Luojaan.
92%
Neitsyt
92%
syntyi
92%
Hengestä,
91%
Mariasta.
91%
nousi
91%
Pyhästä
91%
on
89%
sikisi
89%
Henkeen,
88%
kuolleista,
88%
aikana,
86%
Isän,
86%
Kärsi
86%
päivänä
86%
Pilatuksen
86%
Pontius
86%
Pyhän
86%
eläviä
85%
Istuu
85%
kolmantena
85%
kuolleita.
85%
oikealla
85%
puolella
85%
sieltä
85%
ylös
85%
Astui
83%
astui
83%
seurakunnan,
83%
tuleva
83%
tuomitsemaan
83%
yhteisen
83%
alas
82%
Kaikkivaltiaan
82%
Pyhäin
82%
taivaisiin.
82%
tuonelaan,
82%
yhteyden,
80%
meidän
78%
Herraamme.
77%
elämän.
72%
iankaikkisen
72%
syntien
72%
anteeksiantamisen,
68%
ruumiin
65%
ylösnousemisen
63%
Ehtoja vastaavia visoja ei löytynyt
Tulosjakauma
Jokaisen tuloksen saaneiden osuus
Persentiili vastausten määrän mukaan
Tuloshistoriasi
Et ole pelannut tätä visaa